মহাভারতের একশোটি দুলভ মুহূত / (Record no. 39289)
[ view plain ]
| 000 -LEADER | |
|---|---|
| fixed length control field | 00878nam a2200229 a 4500 |
| 001 - CONTROL NUMBER | |
| control field | 39289 |
| 003 - CONTROL NUMBER IDENTIFIER | |
| rucl marc code | BD-RjUL |
| 005 - DATE AND TIME OF LATEST TRANSACTION | |
| control field | 20211209052947.0 |
| 008 - FIXED-LENGTH DATA ELEMENTS--GENERAL INFORMATION | |
| fixed length control field | 160407m20132007ii ||||| |||| 00| 0 ben d |
| 020 ## - INTERNATIONAL STANDARD BOOK NUMBER | |
| International Standard Book Number | 8177566504 |
| Terms of availability | : TK. 880.00 |
| 035 ## - SYSTEM CONTROL NUMBER | |
| System control number | (BD-RjUL)39402 |
| 040 ## - CATALOGING SOURCE | |
| Original cataloging agency | BD-RjUL |
| Language of cataloging | ben |
| Transcribing agency | BD-RjUL |
| 041 ## - LANGUAGE CODE | |
| Language code of text/sound track or separate title | ben |
| 082 ## - DEWEY DECIMAL CLASSIFICATION NUMBER | |
| Edition number | 23 |
| Classification number | 891.433 |
| Author mark and year | BHM 2013 |
| 100 ## - MAIN ENTRY--PERSONAL NAME | |
| Personal name | ভট্রাচায, ধীরেশচন্দ্র |
| 9 (RLIN) | 121127 |
| 245 ## - TITLE STATEMENT | |
| Title | মহাভারতের একশোটি দুলভ মুহূত / |
| Statement of responsibility, etc. | ধীরেশচন্দ্র ভট্রাচার্য |
| 260 ## - PUBLICATION, DISTRIBUTION, ETC. (IMPRINT) | |
| Place of publication, distribution, etc. | কলকাতা : |
| Name of publisher, distributor, etc. | আনন্দ পাবলিশাস, |
| Date of publication, distribution, etc. | ২০১৩ |
| 300 ## - PHYSICAL DESCRIPTION | |
| Pagination | xiii, ৬৭৪ পৃ. ; |
| Size | ২৪ সেমি. |
| 650 ## - SUBJECT ADDED ENTRY--TOPICAL TERM | |
| Topical term or geographic name as entry element | Indian Culture |
| 9 (RLIN) | 121128 |
| Topical term or geographic name as entry element | ভরতের সংস্কৃতি |
| 9 (RLIN) | 121129 |
| 942 ## - ADDED ENTRY ELEMENTS (KOHA) | |
| Source of classification or shelving scheme | Dewey Decimal Classification |
| Koha item type | Books |
| Lost status | Source of classification or shelving scheme | Damaged status | Not for loan | Collection code | Permanent Location | Current Location | Shelving location | Date acquired | Source of acquisition | Cost, normal purchase price | Total Checkouts | Full call number | Date last seen | Copy number | Koha item type | Date checked out |
|---|---|---|---|---|---|---|---|---|---|---|---|---|---|---|---|---|
| Dewey Decimal Classification | Not For Loan | Non-fiction | Central Library, University of Rajshahi | Central Library, University of Rajshahi | Reading Room | 28/06/2014 | Batighor, Chattogram | 880.00 | B 891.433 BHM 2013 | 07/04/2016 | C-1 | Books | ||||
| Dewey Decimal Classification | Non-fiction | Central Library, University of Rajshahi | Central Library, University of Rajshahi | 28/06/2014 | Batighor, Chattogram | 880.00 | 5 | B 891.433 BHM 2013 | 13/11/2024 | c-2 | Books | 24/10/2024 | ||||
| Dewey Decimal Classification | Non-fiction | Central Library, University of Rajshahi | Central Library, University of Rajshahi | 28/06/2014 | Batighor, Chattogram | 880.00 | 7 | B 891.433 BHM 2013 | 26/08/2019 | C-3 | Books | 28/07/2019 |